000 00834nam a22002057a 4500
005 20240716160808.0
008 s2551 th tha d
020 _a9789741015726
040 _aNALT
041 _atha
050 _aTT 820
_bพ286ก 2551
100 0 _aพรหทัย วงษ์ประเสริฐ
_950201
245 1 0 _aการถักนิตติ้ง /
_cพรหทัย วงษ์ประเสริฐ
260 _aกรุงเทพฯ :
_bวาดศิลป์,
_c2551
300 _a64 หน้า :
_bภาพประกอบ ;
_c26 ซม.
650 4 _aการถักนิตติ้ง
_923424
850 _aNALT
942 _cGB
_02
_2lcc
998 _j8
_k นายบัณฑิต อุทาวงค์
999 _c57597
_d57597